| 000 | 00000nam##2200000za#4500 |
| 001 | 9.604417 |
| 003 | CaOODSP |
| 005 | 20210624211604 |
| 007 | cr ||||||||||| |
| 008 | 150406|2004||||xxc|||||o f|0| 0 fre|d |
| 040 | |aCaOODSP|bfre |
| 043 | |an-cn--- |
| 086 | 1 |aT41-1/34F-PDF |
| 110 | 1 |aCanada. |bTransports Canada. |
| 245 | 13|aLe suivi des progrès en transport urbain durable |h[ressource électronique] |
| 260 | |aOttawa - Ontario : |bTransports Canada |cMai 2005. |
| 300 | |a5p.|bgraphique, tableau |
| 490 | 1 |aÉtudes de cas sur les transports durables |vÉtude de cas nº 34 |
| 500 | |aEn tête du titre : Programme de démonstration en transport urbain. |
| 590 | |a12-35-Supp|b2012-08-09 |
| 775 | 08|tMonitoring progress toward sustainable urban transportation |w(CaOODSP)9.574682 |
| 830 | #0|aÉtudes de cas sur les transports durables ;|vÉtude de cas nº 34|w(CaOODSP)9.503247 |
| 856 | 40|ahttp://publications.gc.ca|qPDF|s215 Ko|uhttps://publications.gc.ca/collections/collection_2012/tc/T41-1-34-fra.pdf|yÉtude de cas nº 34 |